Tracing an Indian diaspora : contexts, memories, representations (Record no. 57209)
[ view plain ]
| 000 -LEADER | |
|---|---|
| fixed length control field | 00764nam a2200241Ia 4500 |
| 005 - DATE AND TIME OF LATEST TRANSACTION | |
| control field | 20260617114826.0 |
| 008 - FIXED-LENGTH DATA ELEMENTS--GENERAL INFORMATION | |
| fixed length control field | 260616s9999||||xx |||||||||||||| ||und|| |
| 020 ## - INTERNATIONAL STANDARD BOOK NUMBER | |
| International Standard Book Number | 9788178298337 |
| Qualifying information | hb |
| 082 ## - DEWEY DECIMAL CLASSIFICATION NUMBER | |
| Classification number | 304.80954 |
| Item number | RAG |
| 100 ## - MAIN ENTRY--PERSONAL NAME | |
| Personal name | Raghuram, Parvati [ed.] |
| 245 #0 - TITLE STATEMENT | |
| Title | Tracing an Indian diaspora : contexts, memories, representations |
| 260 ## - PUBLICATION, DISTRIBUTION, ETC. | |
| Place of publication, distribution, etc. | New Delhi |
| Name of publisher, distributor, etc. | Sage Publication India |
| Date of publication, distribution, etc. | 2008 |
| 300 ## - PHYSICAL DESCRIPTION | |
| Extent | xiii, 467p. ; 22cm. |
| 653 ## - INDEX TERM--UNCONTROLLED | |
| Uncontrolled term | Cultural identity |
| 653 ## - INDEX TERM--UNCONTROLLED | |
| Uncontrolled term | East Indian diaspora |
| 653 ## - INDEX TERM--UNCONTROLLED | |
| Uncontrolled term | East Indians—Foreign countries |
| 653 ## - INDEX TERM--UNCONTROLLED | |
| Uncontrolled term | Emigration and immigration—Social aspects |
| 653 ## - INDEX TERM--UNCONTROLLED | |
| Uncontrolled term | Transnationalism |
| 700 ## - ADDED ENTRY--PERSONAL NAME | |
| Personal name | Maharaj, Brij [ed.] |
| 700 ## - ADDED ENTRY--PERSONAL NAME | |
| Personal name | Sahoo, Ajay Kumar [ed.] |
| 700 ## - ADDED ENTRY--PERSONAL NAME | |
| Personal name | Sangha, Dave [ed.] |
| 942 ## - ADDED ENTRY ELEMENTS (KOHA) | |
| Koha item type | Book |
| Source of classification or shelving scheme | Dewey Decimal Classification |
| Withdrawn status | Lost status | Damaged status | Not for loan | Home library | Current library | Shelving location | Date acquired | Source of acquisition | Total Checkouts | Full call number | Barcode | Date last seen | Price effective from | Koha item type |
|---|---|---|---|---|---|---|---|---|---|---|---|---|---|---|
| LRC, IIT Indore | LRC, IIT Indore | 3rd Floor - General Stack | 16/06/2026 | Gratis Book Price: INR 895.00 | 304.80954 RAG | G2440 | 16/06/2026 | 16/06/2026 | Book |
